000 00757nam a2200241Ia 4500
003 OSt
005 20220928114158.0
006 a|||||r|||| 00| 0
007 ta
008 220927b |||||||| |||| 00| 0 eng d
024 _a74940
037 _cTextual
040 _aSDCL
_cSDCL
_beng
041 _2eng
_aeng
082 _aX64.791'N8, M3
100 _aAspe Armella Pedro Ed.
_9437344
245 0 _aFinancial policies and the world capital market
_b The problem of atin American countries
260 _aChicago
_bUniv of Chicago Pr
_c1983
300 _aviii,293p
_ccm.
490 _aNational bureau of economic research , (Mexico) (1981)
942 _hX64.791'N8, M3
_cTEXL
_2CC
999 _c753289
_d753289